Extremely Hard General Knowledge #46 - Statistics

General Stats
  • This quiz has been taken 335 times
  • The average score is 3 of 20
Answer Stats
Hint Answer % Correct
Which Latin term is often used in law and generally means "a favour for a favour"? Quid pro quo
58%
In 1947, which American pilot became the first person to break the sound barrier? Chuck Yeager
46%
Which Greek painter of the Spanish Renaissance movement works included The Disrobing of Christ and Adoration of the Magi? El Greco
36%
What is the name of the Portuguese musical genre whose name translates to fate? Fado
30%
Which mountain in Yukon, Canada is the highest mountain in Canada and the second highest in North America? Mount {Logan}
26%
In reference to the number of tribes of Manas that united against the Uyghurs, how many rays are on the sun on the flag of Kyrgyzstan? 40
25%
Which poet-diplomat and politician, often considered the national poet of Chile, won the Nobel Prize for Literature in 1971? Pablo Neruda
24%
In the Chronicles of Narnia books what is the surname of the four siblings Peter, Susan, Edmund, and Lucy? Pevensie
21%
Who was the only woman to have two solo UK Number Ones in the 1970s with "Can the Can" and "Devil Gate Drive"? Suzi Quatro
17%
What L is the name of a traditional German Christmas cookie, which is similar to gingerbread? Lebkuchen
14%
In which UK city would you find the National Space Centre? Leicester
14%
Who played Sophia Petrillo in all episodes of The Golden Girls from 1985 to 1992? Estelle Getty
13%
Who was President of Argentina from 2019-2023? Alberto Fernández
6%
What was the name of the Portuguese woman that who was married to King Charles II from 1662 until his death in 1685? {Catherine} of {Braganza}
6%
Complete this sequence in Mathematics showing the first four hyperoperations: Addition, Multiplication, Exponentiation, _________ ? Tetration
6%
In Greek Mythology, which daughter of Uranus and Gaia was the mother of the nine muses? Mnemosyne
3%
What is the name of the collective pseudonym used by the Coen brothers that was nominated for the Best Film Editing Oscar for No Country for Old Men (2007)? Roderick Jaynes
2%
The effect seen (a supercurrent) when two superconductors are placed in proximity, with some barrier or restriction between them, is named after which British physicist? Brian Josephson
1%
Who was the BBC News Political Editor from 1992 until 2000? Robin Oakley
1%
In 1957, who became the first person to represent the United Kingdom in the Eurovision Song Contestant with "All"? Patricia Bredin
0%
No matching quizzes found
Score Distribution
Percent of People with Each Score
Percentile by Number Answered
Your Score History
You have not taken this quiz